[Event "C.to Provinciale AT"]
[Site "Asti ITA"]
[Date "2008.03.30"]
[Round "5"]
[White "Venturino, Federico"]
[Black "Squarci, Franco"]
[Result "1-0"]
[WhiteElo "1913"]
[BlackElo "1831"]
[PlyCount "163"]
[EventDate "2008.03.27"]

1. e4 c5 2. Nf3 e6 3. d4 cxd4 4. Nxd4 Nc6 5. Nc3 Nf6 6. Ndb5 d6 7. Bf4 e5 8.
Bg5 a6 9. Bxf6 gxf6 10. Na3 b5 11. Nd5 Be6 12. Ne3 h5 13. c3 Bh6 14. Nac2 h4
15. h3 Qd7 16. Qf3 Bg5 17. Bd3 Ne7 18. Nf5 Bxf5 19. exf5 d5 20. Qg4 e4 21. Be2
Qxf5 22. Qxf5 Nxf5 23. Rd1 Rd8 24. Nb4 d4 25. Bg4 Ne7 26. cxd4 a5 27. Na6 O-O
28. O-O f5 29. Be2 b4 30. b3 Nd5 31. f4 Bxf4 32. Nc5 Kh8 33. Na4 Rg8 34. Rde1
Rg3 35. Bc4 Rdg8 36. Re2 Be3+ 37. Kh1 Nc3 38. Nxc3 bxc3 39. Rxf5 Bxd4 40. Rh5+
Kg7 41. Rxh4 Kf8 42. Rhxe4 Bc5 43. Re5 R8g5 44. Rxg5 Rxg5 45. a4 Rf5 46. Rc2
Bd4 47. g4 Rf3 48. Kg2 Re3 49. h4 Re1 50. Kf3 f6 51. Kf4 Rg1 52. g5 Kg7 53.
gxf6+ Bxf6 54. Ke4 Bxh4 55. Rxc3 Be7 56. Rf3 Bb4 57. Kd5 Rd1+ 58. Kc6 Rd6+ 59.
Kb5 Rd7 60. Rf5 Rd6 61. Rf7+ Kg6 62. Ra7 Kf5 63. Rxa5 Bxa5 64. Kxa5 Ke5 65. Kb5
Kd4 66. a5 Rd8 67. a6 Rb8+ 68. Kc6 Rc8+ 69. Kb7 Rf8 70. a7 Rd8 71. a8=Q Rxa8
72. Kxa8 Kc5 73. Kb7 Kb4 74. Kb6 Ka3 75. Ka5 Kb2 76. b4 Kc3 77. Bf1 Kd4 78. Ka6
Kd5 79. b5 Kd6 80. b6 Kd7 81. Ka7 Kc8 82. b7+ 1-0

[Event "C.to Provinciale AT"]
[Site "Asti ITA"]
[Date "2008.03.30"]
[Round "5"]
[White "Venturino, Marco"]
[Black "Sorgi, Paolo"]
[Result "1/2-1/2"]
[WhiteElo "2173"]
[BlackElo "1921"]
[PlyCount "80"]
[EventDate "2008.03.27"]

1. d4 d5 2. c4 c6 3. Nf3 Nf6 4. Qc2 e6 5. Nbd2 Nbd7 6. g3 Be7 7. Bg2 O-O 8. O-O
b6 9. b3 Bb7 10. Bb2 Rc8 11. e4 dxe4 12. Nxe4 Nxe4 13. Qxe4 Nf6 14. Qc2 c5 15.
Rad1 Qc7 16. d5 exd5 17. Be5 Qd7 18. Ng5 h6 19. Bh3 Qd8 20. Bxc8 Bxc8 21. Bxf6
hxg5 22. Bxe7 Qxe7 23. cxd5 Bg4 24. f3 Bh3 25. Rfe1 Qf6 26. d6 Rd8 27. d7 Be6
28. Qe4 Rxd7 29. Rxd7 Bxd7 30. Qe7 Qd4+ 31. Qe3 Qf6 32. Rd1 Bc6 33. Qd3 Qe6 34.
Qd8+ Kh7 35. Qxg5 g6 36. Kf2 Kg7 37. Rd8 Bb5 38. Qd2 Qh3 39. Ke3 Qe6+ 40. Kf2
Qh3 1/2-1/2

[Event "C.to Provinciale AT"]
[Site "Asti ITA"]
[Date "2008.03.30"]
[Round "6"]
[White "Bertazzoni, Giuseppe"]
[Black "Squarci, Franco"]
[Result "1-0"]
[WhiteElo "1933"]
[BlackElo "1831"]
[PlyCount "82"]
[EventDate "2008.03.27"]

1. Nf3 Nf6 2. g3 d5 3. Bg2 c6 4. d3 Bg4 5. h3 Bf5 6. O-O Qc7 7. c4 Nbd7 8. Nc3
e6 9. a3 Bd6 10. Qe1 O-O 11. e4 dxe4 12. dxe4 Bg6 13. Bg5 Nh5 14. Rd1 f6 15.
Be3 Ne5 16. Nd4 Rfe8 17. g4 Nxc4 18. gxh5 Bxh5 19. Rb1 Rad8 20. Nc2 Ne5 21. f3
Nd3 22. Qh4 Bg6 23. f4 f5 24. e5 Be7 25. Qg3 Bh5 26. Kh1 b6 27. Nd4 Bf8 28.
Nxc6 Rd7 29. Nb5 Qc8 30. b4 Be2 31. Rg1 Qa6 32. Ncd4 Nxf4 33. Bc6 Bxb5 34. Bxb5
Qb7+ 35. Bc6 Ne2 36. Qg2 Qc7 37. Nxe2 Red8 38. Bxd7 Rxd7 39. Rbd1 Rxd1 40. Rxd1
Qxe5 41. Bd4 Qc7 1-0

[Event "C.to Provinciale AT"]
[Site "Asti ITA"]
[Date "2008.03.30"]
[Round "6"]
[White "Biancotti, Alessandro"]
[Black "Torrione, William"]
[Result "1-0"]
[WhiteElo "1873"]
[BlackElo "1917"]
[PlyCount "45"]
[EventDate "2008.03.27"]

1. e4 e5 2. Nf3 Nf6 3. Nc3 Bb4 4. d3 Nc6 5. a3 Bxc3+ 6. bxc3 d5 7. exd5 Nxd5 8.
c4 Nb6 9. Be2 Bf5 10. O-O O-O 11. Be3 Re8 12. Nd2 Nd4 13. Bxd4 exd4 14. Bg4 Bg6
15. Nb3 Na4 16. Qd2 b6 17. Bf3 Nc3 18. Bxa8 Re2 19. Qf4 Qxa8 20. Nxd4 Rxc2 21.
Rac1 Bxd3 22. Rxc2 Bxc2 23. Qd2 1-0

[Event "C.to Provinciale AT"]
[Site "Asti ITA"]
[Date "2008.03.30"]
[Round "6"]
[White "Cova, Alessandro"]
[Black "Venturino, Marco"]
[Result "0-1"]
[WhiteElo "1936"]
[BlackElo "2173"]
[PlyCount "58"]
[EventDate "2008.03.27"]

1. d4 f5 2. h3 d6 3. c4 Nf6 4. Nc3 g6 5. Nf3 Bg7 6. Bg5 O-O 7. e3 c6 8. Bd3 Ne4
9. Bxe4 fxe4 10. Nxe4 Bf5 11. Nc3 h6 12. Bh4 g5 13. Bg3 Nd7 14. e4 Bg6 15. O-O
Bh5 16. Qd3 Bxf3 17. gxf3 Qe8 18. Ne2 Qh5 19. Kg2 Qg6 20. Rh1 Nf6 21. Rag1 Rf7
22. Re1 Raf8 23. Ng1 d5 24. cxd5 cxd5 25. Qb1 dxe4 26. fxe4 Nh5 27. e5 Qb6 28.
Rh2 Qxd4 29. Qe4 Rxf2+ 0-1

[Event "C.to Provinciale AT"]
[Site "Asti ITA"]
[Date "2008.03.30"]
[Round "6"]
[White "Crepaldi, Marco"]
[Black "Astengo, Marcello"]
[Result "0-1"]
[WhiteElo "1836"]
[BlackElo "2039"]
[PlyCount "45"]
[EventDate "2008.03.27"]

1. e4 e6 2. d4 d5 3. Nc3 Nf6 4. e5 Ng8 5. f4 c5 6. Nf3 Nc6 7. Be3 Qa5 8. a3
cxd4 9. Nxd4 Nh6 10. Nb3 Qd8 11. Bc5 Bxc5 12. Nxc5 Nf5 13. Qd2 O-O 14. Bd3 d4
15. N3e4 Qd5 16. Qe2 Ne3 17. c4 Qd8 18. Nd6 Qa5+ 19. b4 Nxb4 20. Bxh7+ Kxh7 21.
Qh5+ Kg8 22. Nde4 Nd3+ 23. Ke2 0-1

[Event "C.to Provinciale AT"]
[Site "Asti ITA"]
[Date "2008.03.30"]
[Round "6"]
[White "Di Chiara, Mauro"]
[Black "Forno, Roberto"]
[Result "1-0"]
[WhiteElo "1812"]
[BlackElo "1947"]
[PlyCount "97"]
[EventDate "2008.03.27"]

1. d4 g6 2. e4 Bg7 3. g3 d6 4. Bg2 Nf6 5. Ne2 O-O 6. O-O c6 7. f4 Nbd7 8. e5
Ng4 9. h3 Nh6 10. Be3 Qb6 11. Qc1 Nf5 12. Bf2 h5 13. c4 c5 14. Nbc3 cxd4 15.
Nd5 Qd8 16. exd6 exd6 17. Rd1 Re8 18. Nxd4 Nc5 19. Nxf5 Bxf5 20. Bd4 Ne4 21.
Bxg7 Kxg7 22. b4 f6 23. Kh2 Rc8 24. Re1 b5 25. Qe3 Rxc4 26. Qxa7+ Kh6 27. Rac1
Nd2 28. Rxe8 Qxe8 29. Rxc4 bxc4 30. Nxf6 Qh8 31. Qd4 Qg7 32. g4 hxg4 33. hxg4
Bxg4 34. Nxg4+ Kh7 35. Qxd2 c3 36. Qd3 Qc7 37. Be4 d5 38. Bxg6+ Kg7 39. Ne5 d4
40. Qh3 Kf6 41. Qf5+ Kg7 42. Qh5 Kf6 43. Qh8+ Ke6 44. Qe8+ Kd5 45. Bf7+ Ke4 46.
Kg3 c2 47. Bg6+ Kd5 48. Bxc2 Qxc2 49. Qd7+ 1-0

[Event "C.to Provinciale AT"]
[Site "Asti ITA"]
[Date "2008.03.30"]
[Round "6"]
[White "Di Paolo, Raffaele"]
[Black "Lucchese, Paolo"]
[Result "1/2-1/2"]
[WhiteElo "2363"]
[BlackElo "1994"]
[PlyCount "72"]
[EventDate "2008.03.27"]

1. e4 c5 2. Nf3 d6 3. d4 cxd4 4. Nxd4 Nf6 5. Nc3 g6 6. Be3 Bg7 7. f3 O-O 8. Qd2
Nc6 9. g4 Nxd4 10. Bxd4 Be6 11. O-O-O Qa5 12. a3 Rfc8 13. h4 h5 14. g5 Ne8 15.
Nd5 Qxd2+ 16. Rxd2 Kf8 17. f4 Bg4 18. Bh3 Bxh3 19. Rxh3 Bxd4 20. Rxd4 Nc7 21.
Nxc7 Rxc7 22. Kd2 Rac8 23. c3 Rc5 24. Rf3 Rb5 25. b4 Rb6 26. f5 Kg8 27. Rfd3
Kg7 28. Rf3 Kg8 29. c4 Rbc6 30. Rc3 e5 31. fxe6 fxe6 32. b5 e5 33. Rd5 Rxc4 34.
Rxc4 Rxc4 35. Kd3 Rc1 36. Kd2 Rc4 1/2-1/2

[Event "C.to Provinciale AT"]
[Site "Asti ITA"]
[Date "2008.03.30"]
[Round "6"]
[White "Fortino, Fabrizio"]
[Black "Sattanino, Andrea"]
[Result "1-0"]
[WhiteElo "2068"]
[BlackElo "1846"]
[PlyCount "27"]
[EventDate "2008.03.27"]

1. e4 e5 2. f4 exf4 3. Bc4 d6 4. Nf3 Be6 5. Bxe6 fxe6 6. d4 Ne7 7. Bxf4 Ng6 8.
Be3 Be7 9. O-O O-O 10. c3 Nd7 11. Qb3 Nf6 12. Qxe6+ Kh8 13. Ng5 Qe8 14. e5 1-0

[Event "C.to Provinciale AT"]
[Site "Asti ITA"]
[Date "2008.03.30"]
[Round "6"]
[White "Fossati, Remigio"]
[Black "Quirico, Paolo"]
[Result "1/2-1/2"]
[WhiteElo "2208"]
[BlackElo "2115"]
[PlyCount "34"]
[EventDate "2008.03.27"]

1. e4 e6 2. d4 d5 3. Nd2 Nf6 4. e5 Nfd7 5. Bd3 c5 6. c3 Nc6 7. Ne2 cxd4 8. cxd4
f6 9. exf6 Nxf6 10. Nf3 Bd6 11. O-O O-O 12. Bg5 Qb6 13. Nc3 Kh8 14. Na4 Qc7 15.
Bh4 Bd7 16. Bg3 Bxg3 17. hxg3 e5 1/2-1/2

[Event "C.to Provinciale AT"]
[Site "Asti ITA"]
[Date "2008.03.30"]
[Round "6"]
[White "Mangione, Claudio"]
[Black "Brancaleoni, Maurizio"]
[Result "1/2-1/2"]
[WhiteElo "2051"]
[BlackElo "2214"]
[PlyCount "45"]
[EventDate "2008.03.27"]

1. d4 Nf6 2. c4 g6 3. Nc3 Bg7 4. e4 O-O 5. Bg5 d6 6. Qd2 Nbd7 7. Nge2 a6 8. f3
c6 9. d5 Ne5 10. Nd4 c5 11. Nc2 b5 12. cxb5 axb5 13. Bxb5 Ba6 14. Bxa6 Rxa6 15.
Ne3 Qb6 16. O-O Rb8 17. Rab1 Qb4 18. Qe2 c4 19. Rfc1 Nd3 20. Rc2 Nh5 21. Ned1
Nhf4 22. Qd2 e5 23. Nf2 1/2-1/2

[Event "C.to Provinciale AT"]
[Site "Asti ITA"]
[Date "2008.03.30"]
[Round "6"]
[White "Muscato, Alessandro"]
[Black "Venturino, Federico"]
[Result "0-1"]
[WhiteElo "2002"]
[BlackElo "1913"]
[PlyCount "80"]
[EventDate "2008.03.27"]

1. e4 c5 2. b4 cxb4 3. a3 e6 4. axb4 Bxb4 5. c3 Be7 6. Qg4 g6 7. e5 h5 8. Qh3
d6 9. f4 dxe5 10. fxe5 Qc7 11. Nf3 Nc6 12. Bb5 Bd7 13. Bxc6 Bxc6 14. O-O Nh6
15. d4 Be4 16. Ng5 Bf5 17. Qg3 Qb6 18. Ba3 Bxa3 19. Nxa3 Rc8 20. Rab1 Bxb1 21.
Rxb1 Nf5 22. Rxb6 Nxg3 23. Rxb7 Ne2+ 24. Kh1 Rxc3 25. h3 O-O 26. Rxa7 Rc1+ 27.
Kh2 Ra1 28. g4 hxg4 29. hxg4 Nxd4 30. Rd7 Ra2+ 31. Kh1 Nc6 32. Nc4 Rb8 33. Rd1
Rb5 34. Nxf7 Rc5 35. Ncd6 Nxe5 36. Nxe5 Rxe5 37. Nc4 Re4 38. Nd6 Rxg4 39. Ne8
Rf2 40. Nc7 Rf5 0-1

[Event "C.to Provinciale AT"]
[Site "Asti ITA"]
[Date "2008.03.30"]
[Round "6"]
[White "Piantadosi, Angelo"]
[Black "Monticone, Sonia"]
[Result "0-1"]
[WhiteElo "1673"]
[BlackElo "1757"]
[PlyCount "56"]
[EventDate "2008.03.27"]

1. e4 c5 2. c3 d5 3. exd5 Qxd5 4. d4 e6 5. Nf3 Nf6 6. Nbd2 cxd4 7. Nxd4 a6 8.
Qf3 Bc5 9. Qxd5 Nxd5 10. N2f3 Bd7 11. Bc4 Nb6 12. Bd3 Nc6 13. Nb3 Bd6 14. Be3
Nd5 15. Bc5 Be7 16. g3 b6 17. Bxe7 Ncxe7 18. Ne5 Bc8 19. O-O Bb7 20. Be4 Rb8
21. Nc4 O-O 22. Nd6 Ba8 23. Rad1 Rbd8 24. Nc4 Nxc3 25. Bxh7+ Kxh7 26. bxc3 Nd5
27. Ne5 Nxc3 28. Rxd8 Ne2# 0-1

[Event "C.to Provinciale AT"]
[Site "Asti ITA"]
[Date "2008.03.30"]
[Round "6"]
[White "Raviola, Giuseppe"]
[Black "Sorgi, Paolo"]
[Result "1-0"]
[WhiteElo "2113"]
[BlackElo "1921"]
[PlyCount "105"]
[EventDate "2008.03.27"]

1. e4 c5 2. Nf3 Nc6 3. d4 cxd4 4. Nxd4 Nf6 5. Nc3 e5 6. Ndb5 d6 7. Bg5 a6 8.
Na3 b5 9. Nd5 Be7 10. Bxf6 Bxf6 11. c4 b4 12. Nc2 a5 13. Nxf6+ Qxf6 14. Qd5 Bb7
15. O-O-O Rd8 16. Qb5 Ba8 17. Rd2 O-O 18. Bd3 Rb8 19. Qa4 Qd8 20. Rhd1 Qc7 21.
Be2 Rfd8 22. Qb3 Ne7 23. Qe3 a4 24. c5 d5 25. exd5 Nxd5 26. Qg5 b3 27. axb3
axb3 28. Na3 Qxc5+ 29. Bc4 Qc7 30. Kb1 h6 31. Qg3 Nf4 32. Rxd8+ Rxd8 33. Rxd8+
Qxd8 34. Qxb3 Be4+ 35. Ka2 Bd5 36. Bxd5 Qxd5 37. Qxd5 Nxd5 38. Nc4 f6 39. Ne3
Nxe3 40. fxe3 f5 41. Kb3 Kf7 42. Kc4 f4 43. b4 g5 44. exf4 exf4 45. Kd5 Ke7 46.
b5 Kd7 47. h3 Kc7 48. Ke4 Kb6 49. Kf5 Kxb5 50. Kg6 Kc5 51. Kxh6 g4 52. hxg4 Kd5
53. g5 1-0

[Event "C.to Provinciale AT"]
[Site "Asti ITA"]
[Date "2008.03.30"]
[Round "6"]
[White "Ronzano, Luca"]
[Black "De Francisci, Luigi"]
[Result "1-0"]
[WhiteElo "1993"]
[BlackElo "1961"]
[PlyCount "63"]
[EventDate "2008.03.27"]

1. d4 b5 2. e4 a6 3. Bd3 e6 4. Nf3 Bb7 5. O-O Nf6 6. Qe2 h6 7. Nbd2 c5 8. c3 d6
9. e5 dxe5 10. dxe5 Nd5 11. Ne4 Qc7 12. Bd2 c4 13. Bc2 Nd7 14. Rad1 Nxe5 15.
Nxe5 Qxe5 16. f4 Bc5+ 17. Kh1 Qc7 18. f5 Be7 19. fxe6 O-O-O 20. exf7 Kb8 21.
Be1 Ka8 22. Bg3 Qc6 23. Be5 Nf6 24. Ng3 Rxd1 25. Rxd1 Rf8 26. Nf5 Rxf7 27. Nxe7
Rxe7 28. Rd8+ Bc8 29. Bf5 Re8 30. Rxc8+ Rxc8 31. Bxf6 Qxf6 32. Bxc8 1-0

[Event "C.to Provinciale AT"]
[Site "Asti ITA"]
[Date "2008.03.30"]
[Round "6"]
[White "Sorcinelli, Francesco"]
[Black "Favoni, Matteo"]
[Result "1-0"]
[WhiteElo "2119"]
[BlackElo "1900"]
[PlyCount "21"]
[EventDate "2008.03.27"]

1. e4 c5 2. Nc3 d6 3. f4 Nc6 4. Nf3 g6 5. Bc4 Bg7 6. O-O e6 7. f5 exf5 8. d3
Nge7 9. Qe1 O-O 10. Qh4 Ne5 11. Bg5 1-0

[Event "C.to Provinciale AT"]
[Site "Asti ITA"]
[Date "2008.03.30"]
[Round "6"]
[White "Turchetta, Gianluca"]
[Black "Finocchiaro, Gianluca"]
[Result "0-1"]
[WhiteElo "1934"]
[BlackElo "1985"]
[PlyCount "66"]
[EventDate "2008.03.27"]

1. e4 d6 2. d4 Nf6 3. Nc3 c6 4. Nf3 Bg4 5. Be2 e6 6. O-O d5 7. Bg5 Be7 8. e5
Nfd7 9. Bxe7 Qxe7 10. Qd2 Bxf3 11. Bxf3 O-O 12. Rfe1 c5 13. dxc5 Nc6 14. Qf4
Qxc5 15. Rad1 Rac8 16. Rd2 Qb4 17. Qxb4 Nxb4 18. Bd1 Nb6 19. a3 Nc6 20. Nb5 Nc4
21. Rde2 Nxb2 22. f4 Nc4 23. g4 a6 24. Nd6 Nxd6 25. exd6 Rfd8 26. f5 e5 27. c4
dxc4 28. Rd2 f6 29. Bf3 Nd4 30. Bxb7 Rc5 31. Kf2 Rxd6 32. Be4 Rb6 33. Rc1 c3
0-1

[Event "I Open"]
[Site "Trento ITA"]
[Date "2008.03.28"]
[Round "1"]
[White "Amico, Antonino"]
[Black "Facchetti, Lorenzo"]
[Result "0-1"]
[WhiteElo "1407"]
[BlackElo "1674"]
[PlyCount "55"]
[EventDate "2008.03.28"]

1. d4 d5 2. Nc3 Bf5 3. e3 Nf6 4. h3 e6 5. Bd3 Bxd3 6. Qxd3 a6 7. Nf3 Be7 8. Bd2
O-O 9. O-O c5 10. dxc5 Bxc5 11. Ne2 Qc7 12. a3 Nbd7 13. Bc3 Rac8 14. Rac1 Rfd8
15. Rfd1 b5 16. Qd2 Ne4 17. Qe1 Nxc3 18. Qxc3 Qb7 19. b4 Be7 20. Qd3 Nb6 21. c3
Nc4 22. Ra1 Nb2 23. Qc2 Nxd1 24. Rxd1 Bf6 25. Rd3 Rc7 26. e4 dxe4 27. Rxd8+
Bxd8 28. Ng5 0-1

[Event "I Open"]
[Site "Trento ITA"]
[Date "2008.03.28"]
[Round "1"]
[White "Apuzzo, Stefano"]
[Black "Barro, Francesco"]
[Result "0-1"]
[WhiteElo "1563"]
[BlackElo "2025"]
[PlyCount "100"]
[EventDate "2008.03.28"]

1. d4 Nf6 2. c4 e6 3. Nf3 b6 4. Nc3 Bb4 5. Bg5 Bb7 6. e3 O-O 7. Bd3 d5 8. Qc2
h6 9. Bh4 dxc4 10. Bxc4 Nbd7 11. O-O-O c5 12. dxc5 Qe7 13. Ne4 Bxe4 14. Qxe4
Qxc5 15. Qd4 Rac8 16. Qxc5 Rxc5 17. Rd4 Rfc8 18. b3 b5 19. Kb2 bxc4 20. a3 c3+
21. Kc2 Bxa3 22. Ra1 Ra5 23. Ne1 Bb4 24. Rxa5 Bxa5 25. Nd3 Bb6 26. Rb4 Nd5 27.
Re4 N7f6 28. Ra4 g5 29. Bg3 Nd7 30. e4 N5f6 31. f3 Be3 32. Be1 Bd2 33. Bxd2
cxd2+ 34. Kxd2 Rc7 35. Ra5 Kg7 36. g4 Ne8 37. h3 Kg6 38. Ke3 f6 39. f4 Rc3 40.
f5+ exf5 41. exf5+ Kf7 42. Rxa7 Ke7 43. b4 Kd6 44. Kd4 Nc7 45. Ra5 Rb3 46. Kc4
Rb1 47. Ra2 Ne5+ 48. Nxe5 Kxe5 49. Re2+ Kf4 50. Re7 Rxb4+ 0-1

[Event "I Open"]
[Site "Trento ITA"]
[Date "2008.03.28"]
[Round "1"]
[White "Battiston, Claudio"]
[Black "Filosi, Andrea"]
[Result "1-0"]
[WhiteElo "1945"]
[BlackElo "1500"]
[PlyCount "119"]
[EventDate "2008.03.28"]

1. e4 e5 2. Nf3 Nc6 3. Bb5 a6 4. Ba4 Bc5 5. O-O d6 6. d4 exd4 7. Nxd4 Bd7 8.
Be3 Nxd4 9. Bxd7+ Qxd7 10. Bxd4 Bxd4 11. Qxd4 Nf6 12. Nc3 c5 13. Qd3 O-O-O 14.
Rad1 h5 15. Rfe1 h4 16. Nd5 Nxd5 17. exd5 Rde8 18. Kf1 Qb5 19. Qxb5 axb5 20.
Rd3 Rxe1+ 21. Kxe1 Re8+ 22. Kd2 Kc7 23. Rf3 f6 24. b3 b4 25. Rf4 Re5 26. Rxh4
Rxd5+ 27. Ke3 Rg5 28. g3 Re5+ 29. Kd3 b5 30. Rh7 Rg5 31. h4 Rg6 32. h5 Rh6 33.
Rxg7+ Kc6 34. g4 f5 35. f3 Kd5 36. Rg6 Rh7 37. h6 c4+ 38. Kd2 fxg4 39. fxg4 Ke4
40. g5 Kf4 41. Rg7 Rh8 42. h7 Rxh7 43. Rxh7 Kxg5 44. Rd7 c3+ 45. Kd3 Kf5 46.
Rxd6 Ke5 47. Rb6 Kd5 48. Rxb5+ Kc6 49. Rxb4 Kc5 50. a3 Kd5 51. Rb5+ Kc6 52. Kc4
Kd6 53. a4 Kc6 54. a5 Kd6 55. a6 Kc6 56. a7 Kd6 57. a8=Q Ke6 58. Qa6+ Kd7 59.
Rb7+ Kc8 60. Qa8# 1-0

[Event "I Open"]
[Site "Trento ITA"]
[Date "2008.03.28"]
[Round "1"]
[White "Bisaro, Andrea"]
[Black "Pecorari, Marcello"]
[Result "0-1"]
[WhiteElo "1596"]
[BlackElo "2075"]
[PlyCount "60"]
[EventDate "2008.03.28"]

1. d4 d5 2. Nf3 e6 3. c4 Nf6 4. Nc3 Nbd7 5. cxd5 exd5 6. Bg5 Be7 7. Qc2 O-O 8.
e3 c6 9. Bd3 Re8 10. O-O-O Ne4 11. Bf4 Ndf6 12. Be5 Qa5 13. Bxf6 Nxf6 14. Ne5
c5 15. g4 cxd4 16. exd4 Be6 17. f3 Rec8 18. g5 Bb4 19. gxf6 gxf6 20. Bxh7+ Kf8
21. Kd2 fxe5 22. Rhg1 exd4 23. Rg8+ Ke7 24. Rxc8 Rxc8 25. Ke2 dxc3 26. Qc1 cxb2
27. Qg5+ Kd7 28. Be4 Qb5+ 29. Kf2 Bc5+ 30. Kg2 Qe2+ 0-1

[Event "I Open"]
[Site "Trento ITA"]
[Date "2008.03.28"]
[Round "1"]
[White "Brunelli, Giovanni"]
[Black "Gromovs, Sergejs"]
[Result "0-1"]
[WhiteElo "1870"]
[BlackElo "2378"]
[PlyCount "44"]
[EventDate "2008.03.28"]

1. e4 c5 2. Nf3 d6 3. d4 cxd4 4. Nxd4 Nf6 5. Nc3 a6 6. Bc4 e6 7. Bb3 Nbd7 8.
O-O Nc5 9. Be3 Be7 10. f4 Qc7 11. Qf3 h5 12. h3 b5 13. e5 Bb7 14. Qg3 h4 15.
Qg5 Nh5 16. Qg4 Nxb3 17. axb3 dxe5 18. Nxe6 Qc6 19. Nxg7+ Kf8 20. Nxh5 Rg8 21.
Qxg8+ Kxg8 22. Rf2 Qg6 0-1

[Event "I Open"]
[Site "Trento ITA"]
[Date "2008.03.28"]
[Round "1"]
[White "Busi, Piero"]
[Black "Brunelli, Flavio"]
[Result "0-1"]
[WhiteElo "1287"]
[BlackElo "1659"]
[PlyCount "50"]
[EventDate "2008.03.28"]

1. e4 e6 2. d3 d5 3. Nd2 Bb4 4. a3 Ba5 5. Ngf3 Nc6 6. g3 dxe4 7. dxe4 Nf6 8.
Bd3 O-O 9. O-O a6 10. e5 Bxd2 11. exf6 Bh6 12. fxg7 Bxg7 13. c3 Ne5 14. Nxe5
Bxe5 15. Bh6 Bg7 16. Qg4 Qf6 17. Bg5 Qe5 18. Bxh7+ Kxh7 19. Qh4+ Kg8 20. Rfe1
Qf5 21. Bf4 Bd7 22. b4 Bc6 23. Re3 Bf6 24. g4 Qd5 25. Qh3 Qh1# 0-1

[Event "I Open"]
[Site "Trento ITA"]
[Date "2008.03.28"]
[Round "1"]
[White "Caldara, Sisto"]
[Black "Filosi, Marco"]
[Result "1-0"]
[WhiteElo "1797"]
[BlackElo "1419"]
[PlyCount "77"]
[EventDate "2008.03.28"]

1. d4 f5 2. h3 Nf6 3. g4 g6 4. gxf5 gxf5 5. Qd3 e6 6. Bg5 d5 7. Nf3 Bd6 8. Nc3
c6 9. h4 h6 10. Be3 Qc7 11. O-O-O Nbd7 12. Rg1 b6 13. Rg6 Bf8 14. Ne5 c5 15.
Nxd7 Nxd7 16. Rxe6+ Kd8 17. Nxd5 Qh2 18. dxc5 Nxc5 19. Bxc5 Bxe6 20. Nxb6+ Ke8
21. Qb5+ Kf7 22. Nxa8 Bxc5 23. Nc7 Qxc7 24. e3 Qb6 25. Qe2 Qc7 26. Bh3 Rb8 27.
b3 a5 28. Rg1 a4 29. Rg7+ Kf6 30. Rg3 axb3 31. cxb3 Bxb3 32. Qb2+ Ke7 33. axb3
Qc6 34. Qe5+ Kd7 35. Bxf5+ Kd8 36. Rg8+ Bf8+ 37. Kd1 Qf3+ 38. Ke1 Qh1+ 39. Ke2
1-0

[Event "I Open"]
[Site "Trento ITA"]
[Date "2008.03.28"]
[Round "1"]
[White "De Nisi, Giuseppe"]
[Black "Forer, Erich"]
[Result "0-1"]
[WhiteElo "1890"]
[BlackElo "1482"]
[PlyCount "78"]
[EventDate "2008.03.28"]

1. d4 Nf6 2. c4 e6 3. Nc3 Bb4 4. a3 Bxc3+ 5. bxc3 b6 6. f3 Nc6 7. e4 Ba6 8. Bg5
Qc8 9. e5 Ng8 10. Bd3 Nge7 11. Ne2 Na5 12. Qa4 c5 13. O-O Ng6 14. Be3 O-O 15.
f4 Bxc4 16. Bxc4 cxd4 17. Bxe6 dxe6 18. cxd4 Qb7 19. Rab1 Qe4 20. Kf2 Nh4 21.
Rg1 Rac8 22. Rbc1 Nf5 23. Bd2 Rcd8 24. Qc2 Qd5 25. Bb4 Rfe8 26. Rgd1 Qb7 27. g4
Ne7 28. f5 Rc8 29. Qb1 Nac6 30. Bd6 exf5 31. gxf5 Qd7 32. Ng3 Nd5 33. Qd3 Nf4
34. Qf1 Ne7 35. Ke1 Ned5 36. Kd2 Qa4 37. Ne4 Qc2+ 38. Ke1 Qxe4+ 39. Kf2 Qe3#
0-1

[Event "I Open"]
[Site "Trento ITA"]
[Date "2008.03.28"]
[Round "1"]
[White "Degano, Emanuele"]
[Black "Pojer, Romeo"]
[Result "0-1"]
[WhiteElo "1644"]
[BlackElo "2158"]
[PlyCount "26"]
[EventDate "2008.03.28"]

1. e4 d6 2. d4 Nf6 3. Bd3 e5 4. d5 g6 5. f3 Bg7 6. Be3 O-O 7. Qd2 c6 8. c4 Na6
9. a3 Nc5 10. Bc2 a5 11. Nc3 cxd5 12. exd5 Nfd7 13. Bh6 Qh4+ 0-1

[Event "I Open"]
[Site "Trento ITA"]
[Date "2008.03.28"]
[Round "1"]
[White "Di Cecco, Giuseppe"]
[Black "Boerci, Roberto"]
[Result "1-0"]
[WhiteElo "2092"]
[BlackElo "1614"]
[PlyCount "53"]
[EventDate "2008.03.28"]

1. e4 d6 2. d4 Nf6 3. Nc3 g6 4. Be3 c6 5. Qd2 b5 6. f3 Nbd7 7. g4 Nb6 8. h4 h5
9. g5 Nfd7 10. O-O-O Bg7 11. f4 Nc4 12. Qd3 Ndb6 13. Bf2 Bg4 14. Nge2 d5 15.
Bh3 Bxh3 16. Rxh3 Na4 17. Nxa4 bxa4 18. b3 axb3 19. cxb3 Na3 20. f5 O-O 21. e5
c5 22. dxc5 Bxe5 23. fxg6 fxg6 24. Qxg6+ Bg7 25. Bd4 Rf7 26. Rf3 Qf8 27. Rdf1
1-0

[Event "I Open"]
[Site "Trento ITA"]
[Date "2008.03.28"]
[Round "1"]
[White "Filosi, Gianluigi"]
[Black "Panjkovic, Aleksandar"]
[Result "0-1"]
[WhiteElo "1625"]
[BlackElo "2140"]
[PlyCount "42"]
[EventDate "2008.03.28"]

1. d4 Nf6 2. Bf4 g6 3. Nf3 Bg7 4. e3 O-O 5. h3 d6 6. Nbd2 Nbd7 7. Be2 Qe8 8. c3
e5 9. dxe5 dxe5 10. Bg5 h6 11. Bh4 b6 12. Qc2 Nc5 13. e4 Nh5 14. g4 Nf4 15. Bf1
a5 16. Bg3 Bb7 17. O-O-O a4 18. Nh4 Qc6 19. f3 Rfd8 20. Bc4 b5 21. Bxf4 bxc4
0-1

[Event "I Open"]
[Site "Trento ITA"]
[Date "2008.03.28"]
[Round "1"]
[White "Fragni, Enrico"]
[Black "Paoli, Luigino"]
[Result "1-0"]
[WhiteElo "1731"]
[BlackElo "1413"]
[PlyCount "162"]
[EventDate "2008.03.28"]

1. d4 Nf6 2. Nf3 e6 3. Bg5 Be7 4. Nbd2 d5 5. e3 O-O 6. Bd3 Nbd7 7. O-O h6 8.
Bh4 c5 9. c3 a6 10. a4 b6 11. Qe2 Bb7 12. h3 c4 13. Bc2 b5 14. axb5 axb5 15. b4
Nb6 16. Ne5 Na4 17. Ra3 Nd7 18. Bg3 Nxe5 19. Bxe5 Bd6 20. Nf3 Bc6 21. Qd2 Qe7
22. Rfa1 f6 23. Bg3 Qc7 24. Bh2 Be8 25. Bb1 Bf7 26. Qc2 f5 27. Be5 Bh5 28. Bxd6
Qxd6 29. Ne5 Rf6 30. Qd2 Bg6 31. Bc2 Be8 32. Qd1 Qb8 33. g4 Nb6 34. Rxa8 Nxa8
35. Ra5 Nb6 36. Qa1 g5 37. gxf5 exf5 38. f4 Nc8 39. Ra8 Qc7 40. Kh2 Nd6 41. Qg1
Qg7 42. Qg2 Qb7 43. Ra5 Nf7 44. fxg5 hxg5 45. Nxf7 Qxf7 46. Qxg5+ Qg6 47. Qxg6+
Rxg6 48. Bxf5 Rf6 49. e4 dxe4 50. Bxe4 Rf4 51. Bd5+ Kg7 52. Ra6 Rf1 53. Kg2 Rc1
54. Ra3 Kf6 55. Kg3 Kg5 56. Be6 Re1 57. d5 Re3+ 58. Kf2 Rd3 59. Ke2 Kf6 60. h4
Bf7 61. Bxf7 Kxf7 62. Ra7+ Kf6 63. Ra6+ Ke5 64. d6 Rxc3 65. Rb6 Rc2+ 66. Kd1
Rh2 67. h5 Ke6 68. Rxb5 Kxd6 69. Kc1 Rh3 70. Kc2 Ke6 71. h6 Kf6 72. Rc5 Rxh6
73. Rc6+ Kg7 74. Rxh6 Kxh6 75. Kc3 Kg5 76. Kxc4 Kf6 77. Kc5 Ke7 78. Kc6 Kd8 79.
Kb7 Kd7 80. b5 Kd8 81. b6 Kd7 1-0

[Event "I Open"]
[Site "Trento ITA"]
[Date "2008.03.28"]
[Round "1"]
[White "Gallo, Carlo"]
[Black "Masini, Michele"]
[Result "1-0"]
[WhiteElo "1667"]
[BlackElo "1398"]
[PlyCount "49"]
[EventDate "2008.03.28"]

1. c4 f5 2. Nc3 Nf6 3. g3 g6 4. Bg2 Bg7 5. e3 O-O 6. Nge2 c6 7. O-O e6 8. d4 d5
9. b3 Nbd7 10. Ba3 Re8 11. Re1 e5 12. cxd5 cxd5 13. Nxd5 e4 14. Nxf6+ Qxf6 15.
Nf4 Nb6 16. Rc1 g5 17. Nh5 Qg6 18. Rc7 Nd7 19. Bf1 g4 20. Nf4 Qf6 21. Nd5 Qd8
22. Qc2 Nf6 23. Nxf6+ Qxf6 24. Bb5 Qe6 25. Bc4 1-0